Statistiche per Nazioni che contengono la lettera Z

Clicka qui per fare il quiz!

Statistiche generali

  • Questo quiz è stato fatto 47 volte
  • Il punteggio medio è 10 su 15

Statistiche sulle risposte

Numero di ZStato% Corretto
1Zambia
95%
1Zimbabwe
92%
1Kazakistan
79%
1Uzbekistan
79%
1Azerbaigian
72%
1Kirghizistan
69%
1Svezia
69%
1Venezuela
64%
1Tanzania
62%
1Bosnia ed Erzegovina
59%
1Nuova Zelanda
59%
2Svizzera
59%
1Mozambico
56%
1Croazia
54%
1Belize
41%

Distribuzione punteggi

Percentile per numero di risposta

Percentuale di utenti per punteggio

I tuoi punteggi nel tempo

Non hai fatto questo quiz